| 000 | 00456cam a2200181ua 4500 | ||
|---|---|---|---|
| 020 | _c1.75 | ||
| 041 |
_amal _h |
||
| 082 |
_a894.8121 _bKRI/DI |
||
| 100 | _aKrishna Pillai, Changampuzha. | ||
| 245 |
_aDivyageetham / _cChamgampuzha Krishna Pillai. _hTextual Documents |
||
| 250 |
_a1 / _b. |
||
| 260 |
_aEdappally : _bSwararaga Publications , _c1962. |
||
| 300 | _a95 ; . | ||
| 365 | _a1.75 | ||
| 504 | _a | ||
| 942 | _cBK | ||
| 999 |
_c6579 _d6579 |
||